Normal view
MARC view
- América del Sur
Entry Nombre Geográfico
001 - NÚMERO DE CONTROL
- campo de control: 2717
003 - IDENTIFICADOR DE NUMERO DE CONTROL
- campo de control: MX-MxUPN
005 - FECHA Y HORA DE LA ÜLTIMA TRANSACCIÓN
- campo de control: 20240909164911.0
008 - DATOS DE LONGITUD FIJA
- campo de control de longitud fija: 240909n| fcnnnbabn | ana |d
035 ## - NÚMERO DE CONTROL
- Número de control: UPN10000002717
040 ## - FUENTE DE CATALOGACIÓN
- Agencia de catalogación original: MX-MxUPN
- Lenguaje de catalogación: spa
- Agencia de transcripción: MX-MxUPN
151 ## - ENCABEZAMIENTO - NOMBRE GEOGRÁFICO
- Nombre geográfico: América del Sur
- Subdivisión general : Política y gobierno
451 ## - VER DESDE EL RASTREO--NOMBRE GEOGRÁFICO
- Geographic name: América del Sur -
- General subdivision: Política
670 ## - FUENTE EN LA QUE SE LOCALIZARON DATOS
- Cita de la fuente: LC
- Información localizada: South America - Politics and government
902 ## - CATALOGADOR
- Catalogador: CAA/220905
